Animals that Appear on a Country's Flag - Statistics

General Stats
  • This quiz has been taken 37 times
    9 since last reset
  • The average score is 12 of 17
Answer Stats
Countries Animal % Correct
Bhutan, Malta Dragon
89%
Kazakhstan, Zambia, Mexico, +5 others Eagle
89%
Fiji, Montenegro, Spain, + 1 other Lion
89%
Mexico Snake
89%
Croatia Goat
78%
Malta Horse
78%
Guatemala Quetzal
78%
Dominica Sisserou Parrot
78%
Andorra, Moldova Cattle
67%
Uganda Grey Crowned Crane
67%
Papua New Guinea Yellow {Bird of Paradise}
67%
Ecuador Condor
56%
Fiji Dove
56%
Kiribati {Frigate}bird
56%
Croatia Marten
56%
Peru Vicuña
56%
Zimbabwe Yellow {Zimbabwe} Bird
56%
No matching quizzes found
Score Distribution
Percent of People with Each Score
Percentile by Number Answered
Your Score History
You have not taken this quiz since the last reset